000 01302nam a2200397 a 4500
003 AR-BaBNM
005 20251128204746.0
008 082120s2002 ||||||||||||||000 | spa||
020 _a950-507-195-7
040 _cAR-BaBNM
100 1 _aBrites de Vila, Gladys
245 0 0 _aManual de juegos para los más pequeños
250 _a6ª ed.
260 _aBuenos Aires
_bBonum
_c1995
300 _a200 p.
_bil.
490 0 _aJuegos y dinámicas
_vv. 2
500 _aContiene índice con los juegos, objetivos y edades a partir de la p. 214
500 _aTexto destinado a padres, maestros, psicopedagogos, fonoaudiólogos
500 _aJuegos acordes al pensamiento, coordinación perceptivo-motriz, lenguaje y ubicación en el tiempo y en el espacio
500 _aEl objetivo es la interacción entre adultos y niños y niños entre sí, para una comunicación en la vida social
650 4 _aINFANCIA
650 4 _aJUEGO
650 4 _aDINAMICA DE GRUPO
650 4 _aRITMO
650 4 _aCREATIVIDAD
650 4 _aIMAGINACION
650 4 _aCANCIONES
650 4 _aCOMUNICACION
650 4 _aPLACER
650 4 _aDESARROLLO AFECTIVO
653 _aEDUCACION INICIAL
700 1 _aMüller, Marina
700 1 _aSolves, Hebe
_eprologuista
942 _cBK
998 _cGLORIA
999 _c8704
_d8704